Log's data analytics for internet usage of UMDC using pagerank algorithm / (Record no. 12166)
[ view plain ]
| 000 -LEADER | |
|---|---|
| fixed length control field | 00569nam a22001577a 4500 |
| 008 - FIXED-LENGTH DATA ELEMENTS--GENERAL INFORMATION | |
| fixed length control field | 190117b ||||| |||| 00| 0 eng d |
| 082 ## - DEWEY DECIMAL CLASSIFICATION NUMBER | |
| Edition number | 2018 |
| Classification number | UT 1111 |
| Item number | L64 |
| 100 ## - MAIN ENTRY--PERSONAL NAME | |
| Personal name | Lindayao, Joy |
| 9 (RLIN) | 34461 |
| 245 ## - TITLE STATEMENT | |
| Title | Log's data analytics for internet usage of UMDC using pagerank algorithm / |
| Statement of responsibility, etc. | Joy Lindayao and Qbert Osol |
| 260 ## - PUBLICATION, DISTRIBUTION, ETC. (IMPRINT) | |
| Place of publication, distribution, etc. | Digos City: |
| Name of publisher, distributor, etc. | UMDC, |
| Date of publication, distribution, etc. | April 2018. |
| 300 ## - PHYSICAL DESCRIPTION | |
| Extent | 142 pages; |
| Dimensions | 30 cm. |
| 650 ## - SUBJECT ADDED ENTRY--TOPICAL TERM | |
| Topical term or geographic name as entry element | Technical Program. |
| Form subdivision | Information Technology |
| General subdivision | Undergraduate thesis. |
| 9 (RLIN) | 34462 |
| 700 ## - ADDED ENTRY--PERSONAL NAME | |
| Personal name | Lindayao, Joy |
| 9 (RLIN) | 34463 |
| 700 ## - ADDED ENTRY--PERSONAL NAME | |
| Personal name | Osol, Qbert |
| 9 (RLIN) | 33346 |
| 942 ## - ADDED ENTRY ELEMENTS (KOHA) | |
| Source of classification or shelving scheme | Dewey Decimal Classification |
| Koha item type | Undergraduate Thesis |
| Withdrawn status | Lost status | Source of classification or shelving scheme | Damaged status | Not for loan | Home library | Current library | Date acquired | Total Checkouts | Full call number | Barcode | Date last seen | Price effective from | Koha item type |
|---|---|---|---|---|---|---|---|---|---|---|---|---|---|
| Dewey Decimal Classification | UM Digos College - LIC | UM Digos College - LIC | 12/06/2018 | UT 1111 L64 2018 | 1111 | 05/15/2025 | 12/14/2018 | Undergraduate Thesis |
